Świadomość językowa robotników warszawskich Studium leksykalno-semantyczne

Podrobná bibliografia
Hlavný autor: Bartol-Jarosińska, Danuta (Autor)
Médium: Kniha
Jazyk:poľština
Vydavateľské údaje: Warszawa Uniwersytet Warszawski 1986
ISSN:0509-7177
Edícia:Dissertationes Universitatis Varsoviensis

MARC

LEADER 00000cam a2200000 a 4500
001 vtls001057375
003 SK-MaSNL
005 20260301152730.0
008 240314s1986 pl 00000 pol
035 |a SNK000000175 
040 |a SNK  |b slo  |c SNK  |e AACR2 
041 0 |a pol 
044 |a pl  |c PL 
100 1 |a Bartol-Jarosińska, Danuta  |4 aut  |9 364779 
245 1 0 |a Świadomość językowa robotników warszawskich  |b Studium leksykalno-semantyczne  |c Danuta Bartol-Jarosińska 
260 |a Warszawa  |b Uniwersytet Warszawski  |c 1986 
490 0 |a Dissertationes Universitatis Varsoviensis  |x 0509-7177 
958 |a RK 
958 |a OND 
958 |a PL 
999 |c 789986  |d 791916 
952 |t P60, <04>, [BOOK], {604}  |a SNK  |b SNK  |y VYP  |7 0  |p 17A0169472  |o snkIC 114857  |i snkV 1250/90  |0 0  |1 0  |4 0  |d 1995-01-24  |l 0  |r 2004-12-31 00:00:00  |w 2026-02-24